000 00603cab a2200241 4500
001 ABS60532
008 090401t1999 xxu||||| |||| 00| 0 eng d
035 _a(Sirsi) u93070
041 _aeng
100 _aJohnson, T.
245 _aImplications of new court procedure rules
260 _c1999
350 _a0
490 _aConstruction News
_v(6612) 22 April 1999, 22-23(2)
650 _aACCESS TO JUSTICE
650 _aCIVIL PROCEDURE RULES
650 _aCIVIL PROCEDURE RULES
650 _aLITIGATION
650 _aWOOLF REFORMS
690 _aLAW
942 _n0
948 _c29/04/1999
999 _c58989
_d58989